認人大考驗! - Statistics

General Stats
  • This quiz has been taken 5 times
  • The average score is 53 of 64
Answer Stats
Picture Answer % Correct
田馥甄
100%
李聖傑
100%
李榮浩
100%
周杰倫
100%
徐佳瑩
100%
周傳雄
100%
周興哲
100%
林志炫
100%
林宥嘉
100%
張惠妹
100%
張韶涵
100%
楊丞琳
100%
范逸臣
100%
郭靜
100%
梁靜茹
100%
張震嶽
100%
彭佳慧
100%
黃韻玲
100%
畢書盡
100%
陶喆
100%
費玉清
100%
黃品源
100%
蔡依林
100%
魏如萱
100%
庾澄慶
100%
盧廣仲
100%
蕭敬騰
100%
鄧紫棋
100%
吳卓源
100%
羅志祥
100%
林俊傑
100%
郁可唯
100%
王力宏
100%
潘瑋柏
100%
曹格
100%
白安
67%
周蕙
67%
蕭秉治
67%
卓文萱
67%
林依晨
67%
范瑋琪
67%
徐若瑄
67%
林隆璇
67%
邱澤
67%
柯有倫
67%
許茹芸
67%
陳綺貞
67%
呂思緯
67%
張棟樑
67%
劉若英
67%
蕭亞軒
67%
戴佩妮
67%
王心凌
67%
曾佩慈
67%
謝坤達
67%
顏志琳
67%
袁詠琳
67%
梁心頤
67%
辰亦儒
67%
嚴爵
67%
孫盛希
33%
鄧福如
33%
黃舒駿
33%
迪克牛仔
0%
No matching quizzes found
Score Distribution
Percent of People with Each Score
Percentile by Number Answered
Your Score History
You have not taken this quiz